Next Eleven Nations - Statistics

General Stats
  • This quiz has been taken 58 times
  • The average score is 9 of 11
Answer Stats
Country % Correct
Nigeria
88%
Egypt
86%
Indonesia
84%
Philippines
82%
Vietnam
78%
Mexico
76%
Pakistan
76%
Bangladesh
73%
Turkey
73%
Iran
71%
South Korea
65%
No matching quizzes found
Score Distribution
Percent of People with Each Score
Percentile by Number Answered
Your Score History
You have not taken this quiz